000 00662nam a2200205 a 4500
001 000024672
005 20200930023312.0
008 110202s1947 ag r 000 0 spa d
040 _aDO-SdBNP
_bspa
_cBNPHU
082 _axx
_bxxx
100 1 _aPrévost, Antoine François,
_d1697-1763.
_950592
245 1 0 _aManon lescaut /
_cPrévost ; traducción de Enrique de Mesa.
250 _a5a ed.
260 _aBuenos Aires :
_bEspasa-Calpe Argentina,
_c1947.
300 _a152, [10] p. ;
_c18 cm.
490 1 _aAustral. Ensayos y filosofía.
_v80
700 1 _aMesa, Enrique de,
_etr.
_950593
830 0 _aAustral.
_pEnsayos y filosofía,
_v80
_941590
049 _aBNGR
999 _c24165
_d24165